000 00546nam a2200145 a 4500
008 080109s0000 ||||||||||||||||| || u
020 _a0632025395
050 _aTK 4255 Mil
100 _aMiller, Henry A
245 1 0 _aElectrical installation practice, book 1
_crevised by R.D. Puckering
260 _aOxford
_bBSP Professional Books
_c1989
300 _aviii, 128p. : ill
350 _a0.00
995 _D0.00
_FCBU-MAIN LIBRARY (Kitwe)
_H1
_I7.95
_UAVAILABLE
_ZMain Library Open Access Collection
999 _c41475
_d41475